000 01968nam a22006617a 4500
003 OSt
005 20230629100351.0
008 170318s2016 gt||||| |||| 00| 0 spa d
040 _cLado V
082 0 4 _a700
_bJ91a
100 _aJuarez M., Juan Bautista
_9861
_eeditor
245 1 0 _aArtefacto/
_bRevista de Arte y Cultura en Blanco y Negro/
260 _aNicaragua
_bArtes Graficas y Ediciones
_c1998
300 _a90p.
_c22x28 cm
490 _a15
_v1998
505 _amemorias colectivas
505 _aI bienal iberoamericana de lima
505 _amilagros
505 _aespejos
505 _asin titulo
505 _aseis poemas
505 _ahistoria sitiada
505 _aceremonial contra el olvido
505 _aVieja managua
505 _acollage posdatado para norbert
505 _aretórica del seductor
505 _aiconos de resistencia
505 _aPara decirle misa a la Grey
505 _aimagen
505 _ay ese pequeño rasguño en su mejilla?
505 _aespacios al borde del colapso
505 _a6 paredes
505 _amestizaje
505 _amistagogia
505 _amesótica II
505 _acortinas
505 _aLas visitantes
505 _aKey
505 _aTranquilos estabamos
505 _aresistencia y poder
505 _ason los gamines que me llaman
505 _aexit
505 _atotetismo y otredad en Arthola
505 _acafé virtual
505 _ala gota inútil
505 _a3 poemas
505 _agaudi es un recorrido
505 _adarío
505 _aira mente ira
505 _amusas y mancebos
505 _aotro heroe apagado
505 _aocurrencias y veredictos
650 _2Tesauro de Arte & Arquitectura
_aARTE
650 _2Tesauro de Arte & Arquitectura
_aCULTURA
650 _2Tesauro de Arte & Arquitectura
_aLITERATURA
700 1 _aSvankmajer.
_eilustrador.
_95749
942 _2ddc
_c1
_h700
_iJ91a
_n0
999 _c3971
_d3971